Normal view
MARC view
- Reporters and reporting
Entry Topical Term
001 - CONTROL NUMBER
- control field: 37383
003 - CONTROL NUMBER IDENTIFIER
- control field: OSt
005 - DATE AND TIME OF LATEST TRANSACTION
- control field: 20150212110640.0
008 - FIXED-LENGTH DATA ELEMENTS
- fixed length control field: 150212|| aca||babn | a|a d
040 ## - CATALOGING SOURCE
- Original cataloging agency: OSt
150 ## - HEADING--TOPICAL TERM
- Topical term or geographic name as entry element: Reporters and reporting
450 ## - SEE FROM TRACING--TOPICAL TERM
- Topical term or geographic name entry element: Newspaper reporting
550 ## - SEE ALSO FROM TRACING--TOPICAL TERM
- Topical term or geographic name entry element: Journalism
550 ## - SEE ALSO FROM TRACING--TOPICAL TERM
- Topical term or geographic name entry element: Newspapers